000
00292nam a22001217a 4500
082
_a
823
_b
ANE/F
100
_a
ANEKA PUBLICATION
245
_a
FOUR-IN ONE JUNIOR CLASSICS
260
_b
ANEKA PUBLICATIONS & DISTRIBUTORS
520
_a
CLASSIC STORIES
650
_a
CLASSICS
_z
EUROPE
942
_c
BK
999
_c
7212
_d
7212